000 00426nam a2200157Ia 4500
005 20250509030234.0
008 240331s9999 xx 000 0 und d
020 _a9552020131
082 _a100
_bWEE
100 _aWeerakkody, D.P.M
245 0 _aFreedo hewath athma pilibanda sanwadaya
260 _aColombo
_bGodake & Brothers
_c1996
300 _a183 p .,
500 _aBased on the last conversation of Socrates
942 _cL
999 _c700
_d700